[Event "PK Jeugd 2020 C-Meisjes"]
[Site "Eindhoven, Netherlands"]
[Date "????.??.??"]
[Round "1.1"]
[White "Westerhof, Fleur"]
[Black "Mensing, Luana"]
[Result "0-1"]
[WhiteElo "881"]
[BlackElo "1600"]
[PlyCount "68"]

1. d4 d5 2. c4 c6 3. Nc3 e6 4. Nf3 Nf6 5. e3 Be7 6. Bd3 dxc4 7. Bxc4 b5 8. Bd3
Bb7 9. O-O Nbd7 10. b3 a6 11. Bb2 O-O 12. a3 Qc7 13. b4 Bd6 14. e4 e5 15. dxe5
Nxe5 16. Nxe5 Bxe5 17. h3 c5 18. bxc5 Qxc5 19. Qc2 Bxc3 20. Bxc3 Nxe4 21. Bb4
Qxc2 22. Bxc2 Rfe8 23. a4 a5 24. Ba3 b4 25. Bb2 Ba6 26. Rfe1 Nc5 27. Rxe8+ Rxe8
28. Bd4 Nd3 29. Bxd3 Bxd3 30. Rd1 Bc2 31. Rc1 b3 32. Bb2 h6 33. Kf1 Bd3+ 34.
Kg1 Re2 0-1

[Event "PK Jeugd 2020 C-Meisjes"]
[Site "Eindhoven, Netherlands"]
[Date "????.??.??"]
[Round "1.2"]
[White "Feng, Elysia"]
[Black "Ganeshram, Nirupa"]
[Result "1-0"]
[WhiteElo "1559"]
[BlackElo "1033"]
[PlyCount "103"]

1. e4 c5 2. Nf3 d6 3. d4 cxd4 4. Nxd4 Nf6 5. Nc3 Nc6 6. Be3 g6 7. f3 Bg7 8. Bc4
Bd7 9. Qd2 a6 10. a3 Qc7 11. Bb3 b5 12. Nxc6 Bxc6 13. g4 Nd7 14. h4 Ne5 15. Qe2
Bd7 16. h5 h6 17. O-O-O g5 18. Rdf1 Rb8 19. Bd4 Rh7 20. Qf2 a5 21. Qd2 b4 22.
Nd5 Qb7 23. axb4 axb4 24. Nb6 Nc6 25. Nxd7 Qxd7 26. Bxg7 Rxg7 27. f4 Qxg4 28.
Rhg1 Ra8 29. Kb1 Qc8 30. fxg5 hxg5 31. Rxg5 Qa6 32. Bxf7+ Kd7 33. c4 Qa1+ 34.
Kc2 Qa4+ 35. Kd3 Ne5+ 36. Ke2 Nxc4 37. Bxc4 Rxg5 38. Qxg5 Qc2+ 39. Ke3 Qxc4 40.
Qf5+ Kc6 41. Rd1 Qb3+ 42. Rd3 Qa4 43. Qd5+ Kd7 44. e5 Qa7+ 45. Kf4 Rf8+ 46. Ke4
Rh8 47. exd6 Ke8 48. d7+ Kd8 49. Qc6 Qb8 50. Qc5 b3 51. Qa5+ Qc7 52. Qa8+ 1-0

[Event "PK Jeugd 2020 C-Meisjes"]
[Site "Eindhoven, Netherlands"]
[Date "????.??.??"]
[Round "1.3"]
[White "Damen, Josephine"]
[Black "Gergin, Isafara"]
[Result "1-0"]
[WhiteElo "916"]
[BlackElo "1179"]
[PlyCount "61"]

1. e4 {[%emt 0:00:02]} c5 {[%emt 0:00:06]} 2. Nc3 {[%emt 0:00:06]} Nc6 {
[%emt 0:00:21]} 3. Nf3 {[%emt 0:00:19]} d6 {[%emt 0:00:47]} 4. Bc4 {[%emt 0:01:
49]} Nf6 {[%emt 0:01:04]} 5. d3 {[%emt 0:01:16]} g6 {[%emt 0:01:37]} 6. O-O {
[%emt 0:02:01]} Bg7 {[%emt 0:01:07]} 7. Bg5 {[%emt 0:03:04]} O-O {[%emt 0:02:
21]} 8. Re1 {[%emt 0:05:54]} Bg4 {[%emt 0:04:30]} 9. h3 {[%emt 0:11:28]} Bxf3 {
[%emt 0:01:05]} 10. Qxf3 {[%emt 0:00:58]} Nd4 {[%emt 0:00:28]} 11. Qd1 {
[%emt 0:01:37]} a6 {[%emt 0:04:43]} 12. Nd5 {[%emt 0:09:40]} b5 {[%emt 0:11:53]
} 13. Bxf6 {[%emt 0:02:00]} exf6 {[%emt 0:02:04]} 14. Bb3 {[%emt 0:03:39]} f5 {
[%emt 0:03:54]} 15. c3 {[%emt 0:02:23]} Nxb3 {[%emt 0:00:25]} 16. axb3 {
[%emt 0:00:26]} fxe4 {[%emt 0:00:25]} 17. dxe4 {[%emt 0:02:42]} f5 {[%emt 0:06:
45]} 18. exf5 {[%emt 0:02:53]} gxf5 {[%emt 0:01:21]} 19. Rb1 {[%emt 0:01:17]}
Re8 {[%emt 0:02:03]} 20. Rxe8+ {[%emt 0:00:16]} Qxe8 {[%emt 0:00:17]} 21. Nc7 {
[%emt 0:00:03]} Qd8 {[%emt 0:00:57]} 22. Qd5+ {[%emt 0:00:45]} Kh8 {[%emt 0:00:
35]} 23. Nxa8 {[%emt 0:00:08]} Be5 {[%emt 0:01:53]} 24. Re1 {[%emt 0:01:13]}
Qe7 {[%emt 0:03:02]} 25. f4 {[%emt 0:00:33]} Qg7 {[%emt 0:00:31]} 26. fxe5 {
[%emt 0:00:25]} dxe5 {[%emt 0:00:42]} 27. Qd8+ {[%emt 0:00:12]} Qg8 {[%emt 0:
00:05]} 28. Qxg8+ {[%emt 0:00:02]} Kxg8 {[%emt 0:00:02]} 29. Rxe5 {[%emt 0:00:
04]} Kg7 {[%emt 0:00:03]} 30. Rxf5 {[%emt 0:00:07]} Kg6 {[%emt 0:00:04]} 31.
Rxc5 {[%emt 0:00:08]} 1-0

[Event "PK Jeugd 2020 C-Meisjes"]
[Site "Eindhoven, Netherlands"]
[Date "????.??.??"]
[Round "1.4"]
[White "Yeh, Nora"]
[Black "Struijs, Ilona"]
[Result "1-0"]
[WhiteElo "1479"]
[BlackElo "701"]
[PlyCount "71"]

1. d4 {[%emt 0:00:03]} d5 {[%emt 0:00:08]} 2. Nf3 {[%emt 0:00:04]} Nc6 {
[%emt 0:00:13]} 3. Bf4 {[%emt 0:00:05]} Bf5 {[%emt 0:00:21]} 4. e3 {[%emt 0:00:
05]} Nb4 {[%emt 0:00:29]} 5. Na3 {[%emt 0:00:36]} e6 {[%emt 0:01:06]} 6. c3 {
[%emt 0:00:39]} Nc6 {[%emt 0:01:16]} 7. Bb5 {[%emt 0:00:35]} Bxa3 {[%emt 0:01:
24]} 8. bxa3 {[%emt 0:00:25]} Nf6 {[%emt 0:00:48]} 9. Ne5 {[%emt 0:00:29]} Qd6
{[%emt 0:03:10]} 10. Nxf7 {[%emt 0:00:43]} Qxa3 {[%emt 0:02:02]} 11. Nxh8 {
[%emt 0:06:24]} Qxc3+ {[%emt 0:04:15]} 12. Kf1 {[%emt 0:03:08]} Qa3 {[%emt 0:
05:26]} 13. Qb3 {[%emt 0:09:37]} Qf8 {[%emt 0:03:26]} 14. Bxc6+ {[%emt 0:02:32]
} bxc6 {[%emt 0:02:13]} 15. Bxc7 {[%emt 0:02:28]} Qxh8 {[%emt 0:04:19]} 16. Qb7
{[%emt 0:02:15]} Kf7 {[%emt 0:02:53]} 17. Bd6+ {[%emt 0:01:50]} Kg6 {[%emt 0:
01:45]} 18. f3 {[%emt 0:02:56]} Bd3+ {[%emt 0:01:36]} 19. Kf2 {[%emt 0:01:46]}
h6 {[%emt 0:01:22]} 20. g4 {[%emt 0:01:38]} Qd8 {[%emt 0:02:29]} 21. Be5 {
[%emt 0:03:54]} Nd7 {[%emt 0:02:17]} 22. Qxc6 {[%emt 0:05:05]} Kf7 {[%emt 0:04:
02]} 23. Kg3 {[%emt 0:04:09]} Rc8 {[%emt 0:02:50]} 24. Qd6 {[%emt 0:01:35]} Bb5
{[%emt 0:00:54]} 25. Rac1 {[%emt 0:01:21]} Rc4 {[%emt 0:02:02]} 26. f4 {
[%emt 0:01:09]} g6 {[%emt 0:01:14]} 27. h4 {[%emt 0:01:12]} g5 {[%emt 0:00:55]}
28. hxg5 {[%emt 0:00:48]} hxg5 {[%emt 0:00:03]} 29. Rh7+ {[%emt 0:00:08]} Kg8 {
[%emt 0:01:22]} 30. Rh8+ {[%emt 0:00:15]} Kf7 {[%emt 0:00:05]} 31. Rxd8 {
[%emt 0:00:11]} gxf4+ {[%emt 0:00:47]} 32. Kxf4 {[%emt 0:00:43]} Nxe5 {[%emt 0:
00:27]} 33. Rf8+ {[%emt 0:00:27]} Kg6 {[%emt 0:00:33]} 34. Qxe6+ {[%emt 0:00:
18]} Kg7 {[%emt 0:00:17]} 35. Qf6+ {[%emt 0:00:17]} Kh7 {[%emt 0:00:22]} 36.
Rh8# {[%emt 0:00:05]} 1-0

[Event "PK Jeugd 2020 C-Meisjes"]
[Site "Eindhoven, Netherlands"]
[Date "????.??.??"]
[Round "1.5"]
[White "Nooren, Bibi"]
[Black "Huang, Luna"]
[Result "0-1"]
[WhiteElo "638"]
[BlackElo "1366"]
[PlyCount "117"]

1. e4 {[%emt 0:00:01]} e5 {[%emt 0:00:07]} 2. Nf3 {[%emt 0:00:04]} Nc6 {
[%emt 0:00:06]} 3. Bc4 {[%emt 0:00:06]} Bc5 {[%emt 0:00:05]} 4. O-O {[%emt 0:
00:20]} Nf6 {[%emt 0:00:10]} 5. Nc3 {[%emt 0:00:28]} d6 {[%emt 0:00:35]} 6. h3
{[%emt 0:00:52]} O-O {[%emt 0:00:25]} 7. Re1 {[%emt 0:00:57]} Be6 {[%emt 0:00:
37]} 8. Bxe6 {[%emt 0:00:56]} fxe6 {[%emt 0:00:08]} 9. d3 {[%emt 0:01:02]} h6 {
[%emt 0:04:39]} 10. a3 {[%emt 0:02:17]} a5 {[%emt 0:01:44]} 11. Bd2 {[%emt 0:
02:30]} Nh5 {[%emt 0:09:18]} 12. Be3 {[%emt 0:01:54]} Bxe3 {[%emt 0:00:54]} 13.
Rxe3 {[%emt 0:00:03]} Nf4 {[%emt 0:01:33]} 14. Qd2 {[%emt 0:02:13]} Qf6 {
[%emt 0:01:10]} 15. Rd1 {[%emt 0:03:59]} Qg6 16. Ne1 {[%emt 0:04:02]} Nd4 17.
Rg3 {[%emt 0:08:02]} Qf6 {[%emt 0:03:34]} 18. Nf3 {[%emt 0:02:22]} Nxf3+ {
[%emt 0:00:28]} 19. Rxf3 {[%emt 0:00:10]} Qg5 {[%emt 0:06:59]} 20. Rg3 {
[%emt 0:01:24]} Qh5 {[%emt 0:01:00]} 21. Re1 {[%emt 0:02:48]} Rf6 {[%emt 0:00:
36]} 22. Ne2 {[%emt 0:02:58]} Raf8 {[%emt 0:01:52]} 23. Nxf4 {[%emt 0:02:34]}
Rxf4 {[%emt 0:00:07]} 24. Rf1 {[%emt 0:01:07]} b6 {[%emt 0:01:42]} 25. Re3 {
[%emt 0:02:58]} R8f6 {[%emt 0:03:04]} 26. Qc3 {[%emt 0:02:10]} Rf7 {[%emt 0:00:
32]} 27. Qc4 {[%emt 0:01:24]} Qg6 {[%emt 0:00:41]} 28. c3 {[%emt 0:03:27]} Qf6
{[%emt 0:01:42]} 29. f3 {[%emt 0:00:29]} d5 {[%emt 0:01:34]} 30. Qc6 {[%emt 0:
01:43]} dxe4 {[%emt 0:00:31]} 31. Rxe4 {[%emt 0:00:32]} Rxe4 {[%emt 0:01:57]}
32. Qxe4 {[%emt 0:00:04]} Qf4 {[%emt 0:00:39]} 33. Qc6 {[%emt 0:00:52]} Qe3+ {
[%emt 0:00:55]} 34. Rf2 {[%emt 0:00:24]} Qe1+ {[%emt 0:01:05]} 35. Rf1 {
[%emt 0:00:16]} Qe3+ {[%emt 0:00:12]} 36. Kh1 {[%emt 0:02:21]} Qxd3 {[%emt 0:
00:32]} 37. Rf2 {[%emt 0:00:27]} Qd6 {[%emt 0:00:39]} 38. Qxd6 {[%emt 0:00:13]}
cxd6 {[%emt 0:00:02]} 39. Rd2 {[%emt 0:00:13]} Rd7 {[%emt 0:00:08]} 40. b4 {
[%emt 0:00:29]} axb4 {[%emt 0:00:10]} 41. cxb4 {[%emt 0:00:02]} b5 {[%emt 0:00:
03]} 42. Rc2 {[%emt 0:00:26]} d5 {[%emt 0:01:25]} 43. Rc6 {[%emt 0:00:26]} d4 {
[%emt 0:00:09]} 44. Rc1 {[%emt 0:00:36]} Kf7 {[%emt 0:00:27]} 45. Rd1 {[%emt 0:
00:11]} Kf6 {[%emt 0:00:04]} 46. Kg1 {[%emt 0:00:14]} Kf5 {[%emt 0:00:08]} 47.
Kf2 {[%emt 0:00:04]} Rc7 {[%emt 0:00:20]} 48. g3 {[%emt 0:00:31]} Rc2+ {
[%emt 0:00:06]} 49. Kg1 {[%emt 0:00:05]} Rc3 {[%emt 0:00:09]} 50. g4+ {[%emt 0:
00:14]} Kf4 {[%emt 0:00:02]} 51. Rf1 {[%emt 0:00:38]} Rxf3 {[%emt 0:00:10]} 52.
Rxf3+ {[%emt 0:00:35]} Kxf3 {[%emt 0:00:02]} 53. Kf1 Ke3 {[%emt 0:00:06]} 54.
Ke1 {[%emt 0:00:01]} d3 55. Kd1 {[%emt 0:00:02]} d2 {[%emt 0:00:07]} 56. h4 {
[%emt 0:00:16]} g6 {[%emt 0:00:30]} 57. h5 {[%emt 0:00:28]} gxh5 {[%emt 0:00:
02]} 58. gxh5 e4 {[%emt 0:00:02]} 59. a4 {[%emt 0:00:26]} 0-1

[Event "PK Jeugd 2020 C-Meisjes"]
[Site "Eindhoven, Netherlands"]
[Date "????.??.??"]
[Round "2.1"]
[White "Mensing, Luana"]
[Black "Damen, Josephine"]
[Result "1-0"]
[WhiteElo "1600"]
[BlackElo "916"]
[PlyCount "147"]

1. e4 {[%emt 0:27:12]} e5 {[%emt 0:00:07]} 2. Nf3 {[%emt 0:00:17]} Nc6 {
[%emt 0:00:06]} 3. Nc3 {[%emt 0:00:27]} Nf6 {[%emt 0:00:08]} 4. Be2 {[%emt 0:
01:48]} Bb4 {[%emt 0:01:21]} 5. d3 {[%emt 0:00:27]} d6 {[%emt 0:00:59]} 6. a3 {
[%emt 0:02:09]} Ba5 {[%emt 0:00:10]} 7. Bg5 {[%emt 0:00:32]} Be6 {[%emt 0:04:
03]} 8. O-O {[%emt 0:02:27]} O-O {[%emt 0:04:12]} 9. d4 {[%emt 0:12:58]} Bxc3 {
[%emt 0:06:06]} 10. bxc3 {[%emt 0:00:09]} Bg4 {[%emt 0:06:21]} 11. d5 {[%emt 0:
06:14]} Na5 {[%emt 0:04:55]} 12. h3 {[%emt 0:01:37]} Bh5 {[%emt 0:00:23]} 13.
Nh2 {[%emt 0:10:59]} Bxe2 {[%emt 0:10:54]} 14. Qxe2 {[%emt 0:00:08]} h6 {
[%emt 0:04:30]} 15. Bxf6 {[%emt 0:01:01]} Qxf6 {[%emt 0:00:17]} 16. Ng4 {
[%emt 0:00:34]} Qg6 {[%emt 0:00:32]} 17. Rfd1 {[%emt 0:02:06]} f5 {[%emt 0:02:
31]} 18. exf5 {[%emt 0:01:34]} Rxf5 {[%emt 0:01:28]} 19. Rd3 {[%emt 0:03:07]}
Raf8 {[%emt 0:01:23]} 20. Rg3 {[%emt 0:00:50]} h5 {[%emt 0:03:42]} 21. Qe4 {
[%emt 0:04:40]} Rg5 {[%emt 0:02:41]} 22. Qxg6 {[%emt 0:00:02]} Rxg6 {[%emt 0:
00:02]} 23. Ne3 {[%emt 0:00:02]} Rxg3 {[%emt 0:00:11]} 24. fxg3 {[%emt 0:00:01]
} Rf6 {[%emt 0:00:07]} 25. c4 {[%emt 0:01:04]} c6 {[%emt 0:00:34]} 26. dxc6 {
[%emt 0:00:05]} bxc6 {[%emt 0:00:02]} 27. Rb1 {[%emt 0:00:02]} Rf7 {[%emt 0:00:
25]} 28. Rb8+ {[%emt 0:00:07]} Rf8 {[%emt 0:00:20]} 29. Rb4 {[%emt 0:00:12]}
Rf7 {[%emt 0:00:25]} 30. Nd1 {[%emt 0:00:48]} Kh7 {[%emt 0:00:30]} 31. Nc3 {
[%emt 0:00:02]} Kg6 {[%emt 0:00:11]} 32. Ra4 {[%emt 0:00:29]} Nb7 {[%emt 0:00:
10]} 33. Rxa7 {[%emt 0:00:03]} Nc5 {[%emt 0:00:19]} 34. Rxf7 {[%emt 0:00:04]}
Kxf7 {[%emt 0:00:02]} 35. Kf2 {[%emt 0:00:02]} Ke6 {[%emt 0:00:02]} 36. Kf3 {
[%emt 0:00:03]} d5 {[%emt 0:00:09]} 37. cxd5+ {[%emt 0:00:02]} cxd5 {[%emt 0:
00:01]} 38. Ne2 {[%emt 0:00:26]} e4+ {[%emt 0:00:05]} 39. Ke3 {[%emt 0:00:02]}
Ke5 {[%emt 0:00:30]} 40. c3 {[%emt 0:00:26]} Nb3 {[%emt 0:00:20]} 41. Nf4 {
[%emt 0:00:12]} d4+ {[%emt 0:00:17]} 42. cxd4+ Nxd4 43. Nxh5 {[%emt 0:00:04]}
Nc2+ {[%emt 0:00:03]} 44. Ke2 {[%emt 0:00:02]} Nxa3 {[%emt 0:00:32]} 45. Nxg7 {
[%emt 0:00:01]} Nc2 {[%emt 0:00:03]} 46. Nh5 {[%emt 0:00:02]} e3 {[%emt 0:00:
01]} 47. Nf4 {[%emt 0:00:05]} Ke4 {[%emt 0:00:10]} 48. Ne6 {[%emt 0:00:22]} Ke5
{[%emt 0:00:10]} 49. Nc5 {[%emt 0:00:05]} Kd4 {[%emt 0:00:05]} 50. Nb3+ {
[%emt 0:00:07]} Ke4 {[%emt 0:00:12]} 51. Nc1 {[%emt 0:00:02]} Nd4+ {[%emt 0:00:
26]} 52. Ke1 {[%emt 0:00:05]} Nc2+ {[%emt 0:00:02]} 53. Kd1 {[%emt 0:00:03]}
Nd4 {[%emt 0:00:06]} 54. Ne2 {[%emt 0:00:07]} Nf5 {[%emt 0:00:16]} 55. h4 {
[%emt 0:00:04]} Nh6 {[%emt 0:01:12]} 56. Ng1 Ng4 57. h5 {[%emt 0:00:10]} Kf5 {
[%emt 0:00:10]} 58. Nh3 {[%emt 0:00:02]} Nf2+ {[%emt 0:00:12]} 59. Nxf2 {
[%emt 0:00:08]} exf2 {[%emt 0:00:01]} 60. Ke2 f1=Q+ 61. Kxf1 Kg5 {[%emt 0:00:
01]} 62. g4 {[%emt 0:00:02]} Kh6 {[%emt 0:00:03]} 63. Kf2 {[%emt 0:00:01]} Kg7
{[%emt 0:00:02]} 64. g5 {[%emt 0:00:03]} Kh7 {[%emt 0:00:01]} 65. Kf3 {[%emt 0:
00:03]} Kg7 {[%emt 0:00:01]} 66. h6+ {[%emt 0:00:02]} Kg6 {[%emt 0:00:03]} 67.
Kg4 {[%emt 0:00:03]} Kh7 {[%emt 0:00:01]} 68. Kh5 {[%emt 0:00:01]} Kh8 {
[%emt 0:00:02]} 69. g6 {[%emt 0:00:06]} Kg8 {[%emt 0:00:04]} 70. Kg5 {[%emt 0:
00:07]} Kh8 {[%emt 0:00:03]} 71. Kf6 {[%emt 0:00:12]} Kg8 {[%emt 0:00:08]} 72.
h7+ {[%emt 0:00:03]} Kh8 {[%emt 0:00:09]} 73. g7+ {[%emt 0:00:01]} Kxh7 {
[%emt 0:00:03]} 74. Kf7 {[%emt 0:00:05] Kg6+} 1-0

[Event "PK Jeugd 2020 C-Meisjes"]
[Site "Eindhoven, Netherlands"]
[Date "????.??.??"]
[Round "2.2"]
[White "Huang, Luna"]
[Black "Feng, Elysia"]
[Result "1/2-1/2"]
[WhiteElo "1366"]
[BlackElo "1559"]
[PlyCount "63"]

1. e4 {[%emt 0:01:51]} e5 {[%emt 0:00:04]} 2. Nf3 {[%emt 0:00:05]} Nc6 {
[%emt 0:00:04]} 3. Bc4 {[%emt 0:00:02]} Bc5 {[%emt 0:00:11]} 4. c3 {[%emt 0:00:
13]} Nf6 {[%emt 0:00:06]} 5. d3 {[%emt 0:00:27]} O-O {[%emt 0:00:20]} 6. Bg5 {
[%emt 0:00:13]} h6 {[%emt 0:00:06]} 7. Bh4 {[%emt 0:00:11]} Be7 {[%emt 0:00:30]
} 8. Nbd2 {[%emt 0:01:10]} d6 {[%emt 0:00:32]} 9. O-O {[%emt 0:00:29]} Nh5 {
[%emt 0:00:59]} 10. Bxe7 {[%emt 0:00:25]} Qxe7 {[%emt 0:00:13]} 11. Re1 {
[%emt 0:00:19]} Nf4 {[%emt 0:01:03]} 12. Nf1 {[%emt 0:00:24]} Kh8 {[%emt 0:02:
10]} 13. Ng3 {[%emt 0:00:32]} Na5 {[%emt 0:01:03]} 14. Bb3 {[%emt 0:00:18]}
Nxb3 {[%emt 0:00:33]} 15. axb3 {[%emt 0:00:20]} Bg4 {[%emt 0:01:34]} 16. h3 {
[%emt 0:00:35]} Be6 {[%emt 0:01:30]} 17. c4 {[%emt 0:02:44]} Qd7 {[%emt 0:01:
48]} 18. Rf1 {[%emt 0:04:12]} b5 {[%emt 0:03:38]} 19. Qc2 {[%emt 0:01:51]} a6 {
[%emt 0:00:52]} 20. Rfc1 {[%emt 0:01:52]} c5 {[%emt 0:03:35]} 21. Rd1 {[%emt 0:
08:02]} Qb7 {[%emt 0:01:23]} 22. Qd2 {[%emt 0:02:36]} Rfb8 {[%emt 0:00:58]} 23.
Rab1 {[%emt 0:02:09]} Qd7 {[%emt 0:01:55]} 24. Qc2 {[%emt 0:02:59]} Rb6 {
[%emt 0:00:51]} 25. Qd2 {[%emt 0:01:42]} Rab8 {[%emt 0:00:11]} 26. Rdc1 {
[%emt 0:00:31]} Qb7 {[%emt 0:00:26]} 27. Rc2 {[%emt 0:00:13]} Qd7 {[%emt 0:02:
30]} 28. Qd1 {[%emt 0:01:27]} Qc8 {[%emt 0:04:02]} 29. Qd2 {[%emt 0:00:26]} Qb7
{[%emt 0:00:14]} 30. Kh1 {[%emt 0:01:21]} Rf8 {[%emt 0:00:37]} 31. Kg1 {
[%emt 0:00:34]} Qd7 {[%emt 0:00:21]} 32. Qd1 {[%emt 0:01:07]} 1/2-1/2

[Event "PK Jeugd 2020 C-Meisjes"]
[Site "Eindhoven, Netherlands"]
[Date "????.??.??"]
[Round "2.3"]
[White "Yildirum, Azra"]
[Black "Yeh, Nora"]
[Result "0-1"]
[WhiteElo "415"]
[BlackElo "1479"]
[PlyCount "56"]

1. e4 {[%emt 0:00:41]} e5 2. Nf3 {[%emt 0:01:00]} Nc6 {[%emt 0:00:10]} 3. Bc4 {
[%emt 0:00:21]} Bc5 {[%emt 0:00:08]} 4. O-O {[%emt 0:00:16]} d6 {[%emt 0:00:06]
} 5. d3 {[%emt 0:00:21]} Nf6 {[%emt 0:00:08]} 6. Bg5 {[%emt 0:00:57]} h6 {
[%emt 0:00:16]} 7. Bxf6 {[%emt 0:00:21]} Qxf6 {[%emt 0:00:11]} 8. Nc3 {[%emt 0:
00:19]} Bg4 {[%emt 0:00:19]} 9. Nd5 {[%emt 0:00:47]} Qd8 {[%emt 0:00:16]} 10.
h3 {[%emt 0:00:30]} Bh5 {[%emt 0:00:12]} 11. c3 {[%emt 0:02:10]} Ne7 {[%emt 0:
01:01]} 12. b4 {[%emt 0:00:42]} Nxd5 {[%emt 0:01:24]} 13. exd5 {[%emt 0:00:22]}
Bb6 {[%emt 0:00:47]} 14. Bb5+ {[%emt 0:00:23]} Ke7 {[%emt 0:02:11]} 15. Qe2 {
[%emt 0:01:06]} a6 {[%emt 0:01:21]} 16. Ba4 {[%emt 0:00:28]} Ba7 {[%emt 0:00:
47]} 17. c4 {[%emt 0:00:57]} Rb8 {[%emt 0:01:24]} 18. c5 {[%emt 0:00:36]} b5 {
[%emt 0:01:28]} 19. cxb6 {[%emt 0:01:06]} cxb6 {[%emt 0:00:37]} 20. d4 {
[%emt 0:00:25]} b5 {[%emt 0:02:59]} 21. dxe5 {[%emt 0:00:22]} Re8 {[%emt 0:05:
15]} 22. Bb3 {[%emt 0:01:11]} Kf8 {[%emt 0:01:46]} 23. e6 {[%emt 0:01:35]} Qf6
{[%emt 0:07:17]} 24. Qc2 {[%emt 0:01:56]} Qg6 {[%emt 0:03:57]} 25. Qe2 {
[%emt 0:00:48]} Qf6 {[%emt 0:03:25]} 26. Qe4 {[%emt 0:01:34]} Bxf3 {[%emt 0:03:
39]} 27. Qh7 {[%emt 0:01:29]} Qg5 {[%emt 0:01:24]} 28. g3 {[%emt 0:00:30]}
Qxg3# {[%emt 0:02:15]} 0-1

[Event "PK Jeugd 2020 C-Meisjes"]
[Site "Eindhoven, Netherlands"]
[Date "????.??.??"]
[Round "2.5"]
[White "Ganeshram, Nirupa"]
[Black "Westerhof, Fleur"]
[Result "0-1"]
[WhiteElo "1033"]
[BlackElo "881"]
[PlyCount "138"]

1. e4 {[%emt 0:00:03]} e5 {[%emt 0:00:07]} 2. Nf3 {[%emt 0:00:04]} Nc6 {
[%emt 0:00:09]} 3. d4 {[%emt 0:00:06]} exd4 {[%emt 0:00:05]} 4. Nxd4 {[%emt 0:
00:05]} Qh4 {[%emt 0:00:08]} 5. Bd3 {[%emt 0:00:34]} Bc5 {[%emt 0:00:13]} 6. g3
{[%emt 0:00:43]} Qf6 {[%emt 0:00:13]} 7. Nf3 {[%emt 0:03:13]} d6 {[%emt 0:00:
23]} 8. Bg5 {[%emt 0:00:31]} Qxb2 {[%emt 0:00:20]} 9. Nbd2 {[%emt 0:00:24]} Bg4
{[%emt 0:00:52]} 10. Qb1 {[%emt 0:03:28]} Qxb1+ {[%emt 0:00:33]} 11. Rxb1 {
[%emt 0:00:22]} Bb4 {[%emt 0:00:24]} 12. O-O {[%emt 0:01:24]} Bxd2 {[%emt 0:00:
36]} 13. Nxd2 {[%emt 0:00:11]} Rb8 {[%emt 0:00:23]} 14. Bb5 {[%emt 0:00:32]}
Bd7 {[%emt 0:00:11]} 15. Nf3 {[%emt 0:01:21]} h6 {[%emt 0:00:06]} 16. Be3 {
[%emt 0:00:06]} a6 {[%emt 0:00:18]} 17. Bd3 {[%emt 0:00:31]} Nf6 {[%emt 0:00:
23]} 18. Bd4 {[%emt 0:01:15]} Nxd4 {[%emt 0:00:13]} 19. Nxd4 {[%emt 0:00:10]}
c5 {[%emt 0:00:17]} 20. Ne2 {[%emt 0:00:35]} c4 {[%emt 0:00:22]} 21. Bxc4 {
[%emt 0:00:37]} Nxe4 {[%emt 0:00:07]} 22. Rfe1 {[%emt 0:01:04]} Nd2 {[%emt 0:
00:26]} 23. Nd4+ {[%emt 0:02:08]} Kf8 {[%emt 0:00:37]} 24. Rb4 {[%emt 0:02:57]}
a5 {[%emt 0:00:11]} 25. Rb2 {[%emt 0:00:54]} Nxc4 {[%emt 0:00:15]} 26. Rb3 {
[%emt 0:01:45]} Bg4 {[%emt 0:01:30]} 27. Rc3 {[%emt 0:02:40]} Ne5 {[%emt 0:00:
57]} 28. Kg2 {[%emt 0:05:13]} g6 {[%emt 0:00:30]} 29. f3 {[%emt 0:02:19]} Bd7 {
[%emt 0:00:19]} 30. Rc7 {[%emt 0:00:16]} Bc6 {[%emt 0:00:38]} 31. Kf2 {[%emt 0:
01:51]} Re8 {[%emt 0:00:40]} 32. Nxc6 {[%emt 0:03:20]} bxc6 {[%emt 0:00:16]}
33. Ra7 {[%emt 0:00:10]} Kg7 {[%emt 0:00:29]} 34. Rd1 {[%emt 0:01:26]} d5 {
[%emt 0:00:12]} 35. Rxa5 {[%emt 0:00:30]} Ra8 {[%emt 0:00:11]} 36. Rxa8 {
[%emt 0:00:47]} Rxa8 {[%emt 0:00:09]} 37. Ra1 {[%emt 0:00:04]} f5 {[%emt 0:00:
15]} 38. Ke3 {[%emt 0:00:09]} Nc4+ {[%emt 0:00:16]} 39. Kd4 {[%emt 0:00:18]}
Kf6 {[%emt 0:00:31]} 40. f4 {[%emt 0:00:27]} Ke6 {[%emt 0:00:07]} 41. Kc5 {
[%emt 0:00:15]} Kd7 {[%emt 0:00:26]} 42. c3 {[%emt 0:01:07]} Ne3 {[%emt 0:00:
15]} 43. h3 {[%emt 0:00:16]} Ra5+ {[%emt 0:00:11]} 44. Kb4 {[%emt 0:01:18]} Ra8
{[%emt 0:01:16]} 45. Kc5 {[%emt 0:00:14]} Nc2 {[%emt 0:00:10]} 46. Rb1 {
[%emt 0:00:07]} Ra5+ {[%emt 0:00:27]} 47. Kb6 {[%emt 0:00:15]} Rxa2 {[%emt 0:
00:09]} 48. Kc5 {[%emt 0:02:09]} Ra3 {[%emt 0:00:25]} 49. Rb7+ {[%emt 0:00:10]}
Ke6 {[%emt 0:00:08]} 50. Rh7 {[%emt 0:04:36]} Rxc3+ {[%emt 0:00:26]} 51. Kb6 {
[%emt 0:00:08]} Rxg3 {[%emt 0:00:15]} 52. Rxh6 {[%emt 0:00:17]} Kd6 {[%emt 0:
00:07]} 53. h4 {[%emt 0:00:17]} Rb3+ {[%emt 0:00:11]} 54. Ka5 {[%emt 0:00:08]}
Kc5 {[%emt 0:00:23]} 55. Ka6 {[%emt 0:00:43]} Rb4 {[%emt 0:00:14]} 56. Rxg6 {
[%emt 0:00:12]} Rxf4 {[%emt 0:00:30]} 57. h5 {[%emt 0:00:08]} d4 {[%emt 0:00:
20]} 58. h6 {[%emt 0:00:15]} d3 {[%emt 0:00:07]} 59. h7 {[%emt 0:00:12]} Rh4 {
[%emt 0:00:04]} 60. Rg5 {[%emt 0:01:07]} d2 {[%emt 0:00:16]} 61. Rxf5+ {
[%emt 0:00:11]} Kb4 {[%emt 0:00:14]} 62. h8=Q Rxh8 63. Rf4+ {[%emt 0:00:04]}
Kb3 {[%emt 0:00:13]} 64. Rf3+ {[%emt 0:00:22]} Kb2 {[%emt 0:00:06]} 65. Rd3 {
[%emt 0:00:28]} Kc1 {[%emt 0:00:28]} 66. Rc3 {[%emt 0:01:03]} d1=Q {[%emt 0:00:
16]} 67. Rxc6 {[%emt 0:00:03]} Qd3+ {[%emt 0:00:43]} 68. Kb6 {[%emt 0:00:03]}
Rb8+ {[%emt 0:00:40]} 69. Kc5 {[%emt 0:00:09]} Rb5# {[%emt 0:00:14]} 0-1